00716nam a2200181 a 450000100100000000500170001000800410002704000250006808200150009310000280010824500830013626000360021930000200025570000470027504900090032295201860033199900170051700001775320250129073605.0100331s1977 dr 000 0 spa d aDO-SdBNPbspacBNPHU axxxbP433d1 aPerdomo, Eugenio93861610aDiario de Eugenio Perdomo /cEugenio Perdomo ; edición Juan Daniel Balcacer. aSanto Domingo :bCosmos,c1977. a36 p. ;c21 cm.1 aBalcácer, Juan Daniel,d1949-eed.96566 aBNPD 0010718PDaPDbPDcHDd2010-03-31iLF1l0oxxx P433dp17753-10r2020-06-25w2020-06-25yLFPDzPerteneció a la biblioteca personal de Juan Isidro Jimenes Grullón.ZNo se presta c17278d17278